00922 2200301 4500001002100000005001500021035002000036007000300056008004100059020002200100082001700122084001900139100003600158245008600194250003100280300004000311650003200351700002100383264004200404336002100446337003000467338002300497040002200520090002200542850001200564999002200576990002200598INLIS00000000088317820231116103307 a0010-1123000257ta231116s2023 yoi g p ind d a978-623-185-110-904223a899.2211 a899.2211 AND k0 aAndrea Gideond1988-ePengarang10aKota-kata :b"selalu ada cerita disetiap kota" /cAndrea Gideon; penyunting, Dion aCetakan Pertama: Juni 2023 axiv, 134 halaman :bgambar ;c20 cm 4aPuisi Indonesia--vKumpulan0 aDionePenyunting31aYogyakarta :bPustaka Egaliter,c2023 2rdacontentateks 2rdamediaatanpa perantara 2rdacarrieravolume aYOPDYOGbinderda aCB-D.11 2023-2968 aYOPDYOG aCB-D.11/2023-2968 aCB-D.11/2023-2968